ბათუმის შოთა რუსთაველის სახელმწიფო უნივერსიტეტის ბიბლიოთეკა

ჩანაწერი Personal Name

ჩანაწერთა რაოდენობა, რომელიც გამოყენებულია: 1

001 - CONTROL NUMBER

  • control field: 22324

003 - CONTROL NUMBER IDENTIFIER

  • control field: GE_BSU

005 - DATE AND TIME OF LATEST TRANSACTION

  • control field: 20240604163236.0

008 - FIXED-LENGTH DATA ELEMENTS

  • fixed length control field: 240604|| aca||aabn | a|a d

040 ## - CATALOGING SOURCE

  • Original cataloging agency: GE_BSU
  • Transcribing agency: GE_BSU

100 ## - HEADING--PERSONAL NAME

  • Personal name: მგელაძე, ნუგზარ
  • Relator term: ავტორი

670 ## - SOURCE DATA FOUND

  • Source citation: Work cat.: (GE_BSU)42422: აჭარა. წარსული და თანამედროვეობა. 2012 წლის არქეოლოგიური გათხრების შედეგები. კრებული 1= Ajara: Past and modernity results of the archaelogical excavations in 2012.Аджария: Прошло и современностью Итоги археологических раскопок 2012 г. /